[Event "Florianopolis op 9th"]
[Site "Florianopolis"]
[Date "2023.01.24"]
[Round "3"]
[White "De Souza Monteiro, Marcos Paulo"]
[Black "De Almeida, Olivan Duarte"]
[Result "1-0"]
[WhiteElo "1869"]
[BlackElo "1516"]
[PlyCount "131"]
[EventDate "2023.01.23"]
[EventType "swiss"]
[EventRounds "10"]
[EventCountry "BRA"]
[SourceTitle "CBM 212 Extra"]
[Source "ChessBase"]
[SourceDate "2023.03.31"]
[SourceVersion "1"]
[SourceVersionDate "2023.03.31"]
[SourceQuality "1"]

1. d4 Nf6 2. c4 e6 3. a3 d5 4. cxd5 exd5 5. Nc3 c6 6. Bg5 Be7 7. e3 Ne4 8. Bxe7 Qxe7 9. Bd3 Nxc3 10. bxc3 Be6 11. Ne2 Nd7 12. 0-0 Nf6 13. Qc2 0-0 14. Rfe1 b5 15. Ng3 h6 16. f3 Qc7 17. e4 dxe4 18. fxe4 Qf4 19. Qf2 Qh4 20. Nh1 Qxf2+ 21. Nxf2 a6 22. Nd1 Rfd8 23. Ne3 Ng4 24. Nc2 Nf6 25. a4 g6 26. axb5 axb5 27. Nb4 Rac8 28. Ra6 Bd7 29. Rf1 Kg7 30. d5 Ng4 31. dxc6 Bxc6 32. Be2 Ne5 33. Nxc6 Rxc6 34. Rxc6 Nxc6 35. Bxb5 Ne5 36. Rc1 Kf6 37. Bf1 Ke7 38. h3 Rd2 39. Ra1 Rc2 40. Ra7+ Kd6 41. Ra6+ Kc5 42. Ra5+ Kd6 43. Rd5+ Ke6 44. Rc5 Kd6 45. Rd5+ Ke6 46. Rc5 Kd6 47. Rc8 Kd7 48. Ba6 Ra2 49. Rc5 Kd6 50. Rd5+ Ke6 51. Bb5 Rc2 52. Rc5 Nd7 53. Rc6+ Ke5 54. Rc7 Nf6 55. Re7+ Kd6 56. Rxf7 Nxe4 57. Bd3 Rc1+ 58. Kh2 Ng5 59. Rf6+ Ke5 60. Rxg6 Rxc3 61. Be2 Re3 62. Bg4 Nf7 63. Re6+ Kd4 64. Rf6 Re7 65. Bh5 Ne5 66. Rxh6 1-0

[Event "Rio de Janeiro Duchamp op 4th"]
[Site "Rio de Janeiro"]
[Date "2022.12.14"]
[Round "9"]
[White "Lima, Stefan Moisei Vieir"]
[Black "De Souza Monteiro, Marcos Paulo"]
[Result "1-0"]
[WhiteElo "2076"]
[BlackElo "1885"]
[PlyCount "63"]
[EventDate "2022.12.07"]
[EventType "swiss"]
[EventRounds "9"]
[EventCountry "BRA"]
[SourceTitle "EXT 2024"]
[Source "ChessBase"]
[SourceDate "2023.10.10"]
[SourceVersion "1"]
[SourceVersionDate "2023.10.10"]
[SourceQuality "1"]

1. d4 d5 2. c4 c6 3. Nc3 Nf6 4. e3 e6 5. Nf3 Bd6 6. Qc2 Nbd7 7. Bd3 dxc4 8. Bxc4 0-0 9. 0-0 b5 10. Bd3 Bb7 11. e4 e5 12. dxe5 Nxe5 13. Nxe5 Bxe5 14. h3 a6 15. Be3 Bd4 16. Bxd4 Qxd4 17. Ne2 Qe5 18. f4 Qc7 19. Ng3 Kh8 20. Qc5 Rfd8 21. Rad1 Nd7 22. Qe7 Qb6+ 23. Kh2 Nc5 24. Bc2 Kg8 25. Nf5 Re8 26. Qg5 Ne6 27. Qg3 Qc7 28. Bb3 g6 29. Nd6 Re7 30. f5 Nc5 31. fxg6 Nxe4 32. gxf7+ 1-0

[Event "Rio de Janeiro Duchamp op 4th"]
[Site "Rio de Janeiro"]
[Date "2022.12.08"]
[Round "2"]
[White "De Souza Monteiro, Marcos Paulo"]
[Black "Rogozinski, Danilo Rocha"]
[Result "1-0"]
[WhiteElo "1885"]
[BlackElo "1651"]
[PlyCount "39"]
[EventDate "2022.12.07"]
[EventType "swiss"]
[EventRounds "9"]
[EventCountry "BRA"]
[SourceTitle "CBM 211 Extra"]
[Source "ChessBase"]
[SourceDate "2023.01.31"]
[SourceVersion "1"]
[SourceVersionDate "2023.01.31"]
[SourceQuality "1"]

1. d4 d5 2. c4 e6 3. Nc3 Nf6 4. cxd5 exd5 5. Bg5 Be7 6. e3 0-0 7. Bd3 h6 8. Bh4 c6 9. Nge2 Nbd7 10. 0-0 Re8 11. f3 Nb6 12. Bf2 Qc7 13. b3 Bd6 14. Kh1 Bd7 15. Rc1 a6 16. Bg1 Re7 17. e4 Ba3 18. Rc2 Rae8 19. e5 Nh7 20. Nb1 1-0

[Event "Caxambu Casa do Xadrez op"]
[Site "Caxambu"]
[Date "2022.07.23"]
[Round "4"]
[White "Piccolo, Andre Gustavo Bevil"]
[Black "De Souza Monteiro, Marcos Paulo"]
[Result "1-0"]
[WhiteElo "1800"]
[BlackElo "1898"]
[PlyCount "75"]
[EventDate "2022.07.22"]
[EventType "swiss"]
[EventRounds "6"]
[EventCountry "BRA"]
[SourceTitle "CBM 209 Extra"]
[Source "ChessBase"]
[SourceDate "2022.09.30"]
[SourceVersion "1"]
[SourceVersionDate "2022.09.30"]
[SourceQuality "1"]

1. d4 Nf6 2. c4 d6 3. Nc3 Nbd7 4. e4 c5 5. d5 g6 6. Be2 Bg7 7. Nf3 0-0 8. 0-0 a6 9. a4 Ng4 10. Bd2 Rb8 11. Ng5 Nde5 12. f4 Nxc4 13. Bxc4 Bd4+ 14. Kh1 Nf2+ 15. Rxf2 Bxf2 16. Nf3 b5 17. axb5 axb5 18. Nxb5 Bd7 19. Qe2 Bd4 20. Nbxd4 cxd4 21. b3 Qb6 22. Qd3 Ra8 23. Rxa8 Rxa8 24. h3 e5 25. fxe5 dxe5 26. Nxe5 Ra1+ 27. Kh2 Qd6 28. Bf4 Qf6 29. Bg3 Bxh3 30. Nf3 Ra2 31. Kxh3 g5 32. Kh2 Qh6+ 33. Kg1 g4 34. Nh4 Rd2 35. Qf1 Qe3+ 36. Kh2 Qxe4 37. Qf4 f5 38. Qxd2 1-0

[Event "BRA-ch U2000 Amateurs"]
[Site "Sao Paulo"]
[Date "2022.06.17"]
[Round "3"]
[White "De Souza Monteiro, Marcos Paulo"]
[Black "Santos, Sidney Marcus"]
[Result "1-0"]
[WhiteElo "1913"]
[BlackElo "1731"]
[PlyCount "113"]
[EventDate "2022.06.16"]
[EventType "swiss"]
[EventRounds "7"]
[EventCountry "BRA"]
[SourceTitle "CBM 208 Extra"]
[Source "ChessBase"]
[SourceDate "2022.07.31"]
[SourceVersion "1"]
[SourceVersionDate "2022.07.31"]
[SourceQuality "1"]

1. d4 Nf6 2. c4 e6 3. Nf3 d5 4. Nc3 a6 5. cxd5 exd5 6. Bg5 Be6 7. e3 Nbd7 8. Bd3 Bd6 9. Qc2 h6 10. Bh4 c6 11. 0-0 Qc7 12. Rab1 0-0 13. Rfc1 Rac8 14. b4 Bg4 15. Bg3 Rfe8 16. a4 Bxg3 17. hxg3 Qd6 18. a5 Rcd8 19. Na4 Ne4 20. Bxe4 dxe4 21. Nd2 Qd5 22. Nc5 Nxc5 23. bxc5 Bc8 24. Nc4 Qd7 25. Nd6 Re6 26. Nxe4 h5 27. Nd6 Rh6 28. Qe4 Rxd6 29. cxd6 Qxd6 30. Qf4 Qxf4 31. gxf4 Rd5 32. Rc5 Rxc5 33. dxc5 Kf8 34. Kh2 Ke7 35. Kg3 g6 36. e4 f6 37. e5 Ke6 38. exf6 Kxf6 39. Rd1 Bf5 40. Rd8 Ke7 41. Rb8 Bd3 42. Kh4 Kf6 43. Rxb7 Kf5 44. Rb6 Bb5 45. f3 Bf1 46. Kg3 Bb5 47. Kf2 Ke6 48. g4 hxg4 49. fxg4 Kd5 50. f5 gxf5 51. g5 Bc4 52. g6 Kxc5 53. g7 Kd6 54. Rxa6 Bxa6 55. g8Q Kc5 56. Qb8 Bb5 57. Qb6+ 1-0

[Event "Pocos de Caldas op"]
[Site "Pocos de Caldas"]
[Date "2022.03.13"]
[Round "6"]
[White "De Souza Monteiro, Marcos Paulo"]
[Black "Pereira Junior, Ciro Bernardes"]
[Result "1-0"]
[WhiteElo "1905"]
[BlackElo "1802"]
[PlyCount "93"]
[EventDate "2022.03.11"]
[EventType "swiss"]
[EventRounds "6"]
[EventCountry "BRA"]
[SourceTitle "EXT 2023"]
[Source "ChessBase"]
[SourceDate "2022.10.05"]
[SourceVersion "1"]
[SourceVersionDate "2022.10.05"]
[SourceQuality "1"]

1. d4 d5 2. c4 e6 3. Nc3 Nf6 4. cxd5 exd5 5. Bg5 Be7 6. e3 h6 7. Bh4 0-0 8. Bd3 b6 9. Nge2 c5 10. Rc1 Bb7 11. 0-0 Nbd7 12. Bb1 a6 13. Qd3 c4 14. Qc2 b5 15. a3 Qc7 16. Nf4 Qd6 17. Bg3 Qc6 18. Ncxd5 Bd6 19. Nxf6+ Nxf6 20. d5 Qc7 21. Nh5 Rfe8 22. Nxf6+ gxf6 23. Qh7+ Kf8 24. Qxh6+ Ke7 25. e4 Rh8 26. Qe3 Rh5 27. Bxd6+ Qxd6 28. Qg3 Qd7 29. Rcd1 Rah8 30. f4 Qd8 31. e5 Qb6+ 32. Qf2 Qxf2+ 33. Kxf2 Rxh2 34. Bf5 a5 35. Rd4 R8h5 36. exf6+ Kxf6 37. Be4 Rh1 38. Rxh1 Rxh1 39. d6 Bxe4 40. d7 Rh8 41. d8Q+ Rxd8 42. Rxd8 b4 43. axb4 axb4 44. Rd4 Bd3 45. g4 Kg6 46. Rxd3 cxd3 47. Ke3 1-0

[Event "Florianopolis op 8th"]
[Site "Florianopolis"]
[Date "2022.01.29"]
[Round "8"]
[White "Cordioli, Jairo Ribeiro"]
[Black "De Souza Monteiro, Marcos Paulo"]
[Result "1/2-1/2"]
[WhiteElo "1706"]
[BlackElo "1909"]
[PlyCount "34"]
[EventDate "2022.01.24"]
[EventType "swiss"]
[EventRounds "10"]
[EventCountry "BRA"]
[SourceTitle "EXT 2023"]
[Source "ChessBase"]
[SourceDate "2022.10.05"]
[SourceVersion "1"]
[SourceVersionDate "2022.10.05"]
[SourceQuality "1"]

1. d4 d5 2. c4 c6 3. Nf3 Nf6 4. Nc3 dxc4 5. a4 Bf5 6. e3 e6 7. Bxc4 Bb4 8. 0-0 Nbd7 9. Bd3 Bg4 10. h3 Bh5 11. e4 Qa5 12. Na2 0-0 13. Nxb4 Qxb4 14. Bd2 Qxb2 15. Rb1 Bxf3 16. Rxb2 Bxd1 17. Rxd1 b6 1/2-1/2

[Event "Florianopolis op 8th"]
[Site "Florianopolis"]
[Date "2022.01.27"]
[Round "6"]
[White "Brand, Leticia Soethe"]
[Black "De Souza Monteiro, Marcos Paulo"]
[Result "0-1"]
[WhiteElo "1471"]
[BlackElo "1909"]
[PlyCount "82"]
[EventDate "2022.01.24"]
[EventType "swiss"]
[EventRounds "10"]
[EventCountry "BRA"]
[SourceTitle "CBM 206 Extra"]
[Source "ChessBase"]
[SourceDate "2022.03.31"]
[SourceVersion "1"]
[SourceVersionDate "2022.03.31"]
[SourceQuality "1"]

1. e4 c5 2. Nf3 d6 3. d4 cxd4 4. Nxd4 Nf6 5. Nc3 g6 6. Be3 Bg7 7. f3 Nc6 8. Qd2 0-0 9. 0-0-0 Bd7 10. g4 Rc8 11. Kb1 Ne5 12. h4 h5 13. gxh5 Nxh5 14. Rg1 Rxc3 15. bxc3 Qa5 16. Nb3 Qa3 17. Qg2 b5 18. Bc1 Qa4 19. f4 Nc4 20. Bxc4 bxc4 21. Rd5 Nf6 22. Ra5 Qc6 23. Rg5 cxb3 24. e5 Qxg2 25. R5xg2 bxc2+ 26. Kxc2 Bf5+ 27. Kd1 dxe5 28. fxe5 Ne4 29. c4 Bxe5 30. Be3 Rd8+ 31. Ke1 Bd4 32. Re2 Bc3+ 33. Kf1 Bh3+ 34. Reg2 Bd4 35. Ke2 Bxg2 36. Rxg2 Bxe3 37. Kxe3 Nf6 38. Re2 Kg7 39. c5 Rc8 40. Kd4 e5+ 41. Kc4 Nd7 0-1

[Event "Florianopolis op 8th"]
[Site "Florianopolis"]
[Date "2022.01.25"]
[Round "2"]
[White "Rodrigues, Edgar"]
[Black "De Souza Monteiro, Marcos Paulo"]
[Result "1-0"]
[WhiteElo "2345"]
[BlackElo "1909"]
[PlyCount "59"]
[EventDate "2022.01.24"]
[EventType "swiss"]
[EventRounds "10"]
[EventCountry "BRA"]
[SourceTitle "CBM 206 Extra"]
[Source "ChessBase"]
[SourceDate "2022.03.31"]
[SourceVersion "1"]
[SourceVersionDate "2022.03.31"]
[SourceQuality "1"]

1. e4 c5 2. c3 d6 3. d4 cxd4 4. cxd4 g6 5. Nf3 Bg7 6. Be2 Nf6 7. Nc3 0-0 8. 0-0 Nc6 9. d5 Nb8 10. h3 Na6 11. Be3 Bd7 12. Nd2 Nc7 13. a4 a6 14. Bb6 Be8 15. Nb3 Nd7 16. Be3 b5 17. axb5 axb5 18. Qd2 b4 19. Na2 Nf6 20. Bd3 Ba4 21. Nd4 b3 22. Nc3 Qd7 23. Ra3 Rfb8 24. Rfa1 Rb4 25. Ncb5 Rxb5 26. Nxb5 Bxb5 27. Rxa8+ Nxa8 28. Rxa8+ Ne8 29. Bxb5 Qxb5 30. Qd3 1-0

[Event "BRA-ch 87th"]
[Site "Cuiaba"]
[Date "2021.11.01"]
[Round "7"]
[White "De Souza Monteiro, Marcos Paulo"]
[Black "Federzoni, Enzo"]
[Result "0-1"]
[WhiteElo "1942"]
[BlackElo "2215"]
[PlyCount "68"]
[EventDate "2021.10.28"]
[EventType "swiss"]
[EventRounds "11"]
[EventCountry "BRA"]
[SourceTitle "CBM 205 Extra"]
[Source "ChessBase"]
[SourceDate "2022.01.31"]
[SourceVersion "1"]
[SourceVersionDate "2022.01.31"]
[SourceQuality "1"]

1. d4 Nf6 2. c4 g6 3. Nc3 d5 4. cxd5 Nxd5 5. Bd2 Nb6 6. Nf3 Bg7 7. Bf4 c5 8. dxc5 Bxc3+ 9. bxc3 Qxd1+ 10. Rxd1 Na4 11. e3 Nxc5 12. Bc4 Be6 13. Bxe6 Nxe6 14. Bh6 Nd7 15. Nd4 Ndc5 16. 0-0 0-0-0 17. Nxe6 Nxe6 18. e4 g5 19. Rd5 f6 20. Rfd1 Rxd5 21. exd5 Rd8 22. g3 Nc7 23. c4 b5 24. cxb5 Rxd5 25. Rxd5 Nxd5 26. f4 gxf4 27. Bxf4 Nxf4 28. gxf4 Kb7 29. Kf2 Kb6 30. Kf3 Kxb5 31. Kg4 Kc5 32. h4 e5 33. h5 e4 34. h6 e3 0-1

[Event "Goiania op"]
[Site "Goiania"]
[Date "2021.02.27"]
[Round "3"]
[White "De Souza Monteiro, Marcos Paulo"]
[Black "Garcia, Gabriel Gonzaga"]
[Result "1-0"]
[WhiteElo "1954"]
[BlackElo "2165"]
[PlyCount "41"]
[EventDate "2021.02.26"]
[EventType "swiss"]
[EventRounds "6"]
[EventCountry "BRA"]
[SourceTitle "EXT 2022"]
[Source "ChessBase"]
[SourceDate "2021.10.06"]
[SourceVersion "1"]
[SourceVersionDate "2021.10.06"]
[SourceQuality "1"]

1. d4 Nf6 2. Nf3 e6 3. c4 Bb4+ 4. Bd2 Qe7 5. a3 Bxd2+ 6. Qxd2 0-0 7. Nc3 d5 8. e3 Nbd7 9. Bd3 dxc4 10. Bxc4 c5 11. 0-0 Rd8 12. Rfd1 Nb6 13. Ba2 cxd4 14. Nxd4 e5 15. Nc6 Rxd2 16. Nxe7+ Kf8 17. Rxd2 Kxe7 18. Nd5+ Nbxd5 19. Bxd5 Rb8 20. Rc1 Ne8 21. Bxf7 1-0

[Event "Amapa-ch 14th"]
[Site "Macapa"]
[Date "2019.12.29"]
[Round "10"]
[White "De Souza Monteiro, Marcos Paulo"]
[Black "Da Silva Lima, Jerrinaldo"]
[Result "1-0"]
[WhiteElo "1966"]
[BlackElo "1723"]
[PlyCount "37"]
[EventDate "2019.12.20"]
[EventType "tourn"]
[EventRounds "10"]
[EventCountry "BRA"]
[SourceTitle "EXT 2021"]
[Source "ChessBase"]
[SourceDate "2020.10.23"]
[SourceVersion "1"]
[SourceVersionDate "2020.10.23"]
[SourceQuality "1"]

1. d4 d5 2. c4 Nf6 3. cxd5 Nxd5 4. e4 Nb6 5. Bd3 g6 6. Nc3 Bg7 7. Nge2 0-0 8. Be3 Nc6 9. e5 a6 10. h4 Nb4 11. h5 Nxd3+ 12. Qxd3 Bf5 13. Qd2 Re8 14. Ng3 Qd7 15. hxg6 Bxg6 16. 0-0-0 Rad8 17. Bh6 Bxh6 18. Qxh6 Nd5 19. Nh5 1-0

[Event "Amapa-ch 14th"]
[Site "Macapa"]
[Date "2019.12.27"]
[Round "6"]
[White "Cohen Farias, Paulo"]
[Black "De Souza Monteiro, Marcos Paulo"]
[Result "0-1"]
[WhiteElo "2101"]
[BlackElo "1966"]
[PlyCount "68"]
[EventDate "2019.12.20"]
[EventType "tourn"]
[EventRounds "10"]
[EventCountry "BRA"]
[SourceTitle "EXT 2021"]
[Source "ChessBase"]
[SourceDate "2020.10.23"]
[SourceVersion "1"]
[SourceVersionDate "2020.10.23"]
[SourceQuality "1"]

1. e4 c5 2. Nf3 d6 3. d4 cxd4 4. Nxd4 Nf6 5. Nc3 g6 6. Be3 Bg7 7. f3 Nc6 8. Qd2 0-0 9. 0-0-0 Bd7 10. Kb1 Rc8 11. g4 Ne5 12. h4 h5 13. gxh5 Nxh5 14. Rg1 Rxc3 15. Qxc3 Nxf3 16. Rxg6 fxg6 17. Qb3+ Kh7 18. Ne6 Bxe6 19. Qxe6 Nf4 20. Qb3 Qa5 21. h5 Qxh5 22. c3 b6 23. Ba6 Ng2 24. Bc1 Nfe1 25. Bd2 Qh4 26. Qe6 Nf3 27. Bc1 Ne5 28. Bb7 Nf4 29. Qb3 Nfd3 30. Be3 Qh3 31. Bd4 Rf1 32. Bxe5 Qf3 33. Rxf1 Qxf1+ 34. Kc2 Qe2+ 0-1

[Event "Macapa Platon Memorial"]
[Site "Macapa"]
[Date "2019.11.17"]
[Round "5"]
[White "De Souza Monteiro, Marcos Paulo"]
[Black "Uchoa, Iranilson Pinheiro"]
[Result "1/2-1/2"]
[WhiteElo "1966"]
[BlackElo "1808"]
[PlyCount "59"]
[EventDate "2019.11.15"]
[EventType "swiss"]
[EventRounds "5"]
[EventCountry "BRA"]
[SourceTitle "EXT 2021"]
[Source "ChessBase"]
[SourceDate "2020.10.23"]
[SourceVersion "1"]
[SourceVersionDate "2020.10.23"]
[SourceQuality "1"]

1. d4 d5 2. c4 Nf6 3. Nc3 c6 4. Nf3 Bg4 5. Ne5 Bh5 6. cxd5 Nxd5 7. Qb3 Nb6 8. Be3 e6 9. g4 Bg6 10. h4 N8d7 11. Nxd7 Qxd7 12. h5 Bxh5 13. gxh5 0-0-0 14. 0-0-0 Be7 15. Bf4 g5 16. hxg6 hxg6 17. Rxh8 Rxh8 18. Bg2 Nd5 19. Nxd5 exd5 20. e3 Bd6 21. Rh1 Rxh1+ 22. Bxh1 Bxf4 23. exf4 Qg4 24. Qf3 Qg1+ 25. Kc2 Qf1 26. f5 Qc4+ 27. Qc3 Qe2+ 28. Qd2 Qc4+ 29. Kd1 Qxa2 30. Kc2 1/2-1/2

[Event "Macapa Platon Memorial"]
[Site "Macapa"]
[Date "2019.11.16"]
[Round "4"]
[White "Machado, Hualason Jose Soare"]
[Black "De Souza Monteiro, Marcos Paulo"]
[Result "1-0"]
[WhiteElo "2000"]
[BlackElo "1966"]
[PlyCount "65"]
[EventDate "2019.11.15"]
[EventType "swiss"]
[EventRounds "5"]
[EventCountry "BRA"]
[SourceTitle "EXT 2021"]
[Source "ChessBase"]
[SourceDate "2020.10.23"]
[SourceVersion "1"]
[SourceVersionDate "2020.10.23"]
[SourceQuality "1"]

1. c4 Nf6 2. g3 g6 3. Bg2 Bg7 4. Nf3 d6 5. d4 Nbd7 6. 0-0 0-0 7. Nc3 c5 8. e3 a6 9. Rb1 Rb8 10. Qe2 b5 11. e4 e5 12. dxe5 Nxe5 13. Nxe5 dxe5 14. Bg5 Be6 15. Nd5 bxc4 16. Qxc4 Bxd5 17. exd5 Qd6 18. Be3 Rfc8 19. Rfc1 Bf8 20. a3 h5 21. Rc2 Rb5 22. Bd2 Nd7 23. Bc3 Rcb8 24. Re1 Bg7 25. a4 R5b7 26. a5 f5 27. Bf1 Ra7 28. f3 Re8 29. Rce2 Nb8 30. b4 Rc7 31. bxc5 Rxc5 32. Bb4 Qxd5 33. Qxc5 1-0

[Event "Macapa Franco Memorial 7th"]
[Site "Macapa"]
[Date "2019.09.14"]
[Round "4"]
[White "De Vjunior, Liduino Furtado"]
[Black "De Souza Monteiro, Marcos Paulo"]
[Result "1/2-1/2"]
[WhiteElo "2099"]
[BlackElo "1938"]
[PlyCount "92"]
[EventDate "2019.09.13"]
[EventType "swiss"]
[EventRounds "6"]
[EventCountry "BRA"]
[SourceTitle "EXT 2020"]
[Source "ChessBase"]
[SourceDate "2019.10.17"]
[SourceVersion "1"]
[SourceVersionDate "2019.10.17"]
[SourceQuality "1"]

1. d4 c5 2. c3 cxd4 3. cxd4 d5 4. Nc3 Nf6 5. Nf3 Nc6 6. e3 a6 7. Bd2 Bg4 8. Be2 e6 9. Qb3 Bxf3 10. gxf3 Qd7 11. Rg1 g6 12. Na4 Rb8 13. Rc1 Bd6 14. Nc5 Bxc5 15. Rxc5 0-0 16. f4 Ne4 17. f3 Nxc5 18. dxc5 Qe7 19. Qc3 Qh4+ 20. Kf1 Rfd8 21. Rg4 Qh3+ 22. Kg1 d4 23. Qc4 Rd5 24. e4 d3 25. Bd1 Rh5 26. Rg2 Rd8 27. Be3 Qh4 28. Rf2 Qf6 29. e5 Qh4 30. Qc3 Ne7 31. Qa5 Nd5 32. Bd2 Rc8 33. Qa4 Qe7 34. b4 Qe8 35. Qb3 Qb5 36. a4 Qd7 37. Qxd3 Rd8 38. Bc2 Nxf4 39. Qxd7 Nh3+ 40. Kg2 Rxd7 41. Re2 Rxe5 42. Be4 f5 43. Kxh3 fxe4 44. f4 Rd3+ 45. Kg4 e3 46. Be1 Re4 1/2-1/2